| 000 | 00690nam a22002177a 4500 | ||
|---|---|---|---|
| 003 | LK-CoDNM | ||
| 005 | 20241107114751.0 | ||
| 008 | 241015b |||||||| |||| 00| 0 eng d | ||
| 040 |
_aLK-CoDNM _dLK-CoDNM _eLK-CoDNM |
||
| 041 | _asin | ||
| 080 |
_aප්ර.ස _b4.5 |
||
| 245 |
_aසරසවිය-1965 _b3 කාණ්ඩය 28 කලාපය |
||
| 260 |
_c1965 _aකොළඹ _bලේක් හවුස් යන්ත්රාලය |
||
| 300 | _b20p. ; 48 cm | ||
| 650 | _aසරසවිය-1965 | ||
| 650 | _a3 කාණ්ඩය 28 කලාපය | ||
| 650 | _aමාසික සගරාව | ||
| 650 | _aප්ර.ස 4.5 | ||
| 650 | _a1965 | ||
| 942 | _cBK | ||
| 999 |
_c228082 _d228082 |
||